<?xml version="1.0" encoding="UTF-8"?><?xml-stylesheet type="text/xsl" href="static/style.xsl"?><OAI-PMH xmlns="http://www.openarchives.org/OAI/2.0/" xmlns:xsi="http://www.w3.org/2001/XMLSchema-instance" xsi:schemaLocation="http://www.openarchives.org/OAI/2.0/ http://www.openarchives.org/OAI/2.0/OAI-PMH.xsd"><responseDate>2026-04-14T03:09:31Z</responseDate><request verb="GetRecord" identifier="oai:www.recercat.cat:20.500.12694/7205" metadataPrefix="marc">https://recercat.cat/oai/request</request><GetRecord><record><header><identifier>oai:recercat.cat:20.500.12694/7205</identifier><datestamp>2025-12-18T12:09:11Z</datestamp><setSpec>com_2072_179042</setSpec><setSpec>col_2072_484474</setSpec></header><metadata><record xmlns="http://www.loc.gov/MARC21/slim" xmlns:dcterms="http://purl.org/dc/terms/" xmlns:xsi="http://www.w3.org/2001/XMLSchema-instance" xmlns:doc="http://www.lyncode.com/xoai" xsi:schemaLocation="http://www.loc.gov/MARC21/slim http://www.loc.gov/standards/marcxml/schema/MARC21slim.xsd">
   <leader>00925njm 22002777a 4500</leader>
   <datafield ind2=" " ind1=" " tag="042">
      <subfield code="a">dc</subfield>
   </datafield>
   <datafield ind2=" " ind1=" " tag="720">
      <subfield code="a">Vilar Segura, Víctor</subfield>
      <subfield code="e">author</subfield>
   </datafield>
   <datafield ind2=" " ind1=" " tag="260">
      <subfield code="c">2019-06</subfield>
   </datafield>
   <datafield ind2=" " ind1=" " tag="520">
      <subfield code="a">Les cordes són un element clau per a la pràctica històrica del violí. Tot i això, no n’ha sobreviscut cap exemplar fins als nostres dies, fet que fa necessària una investigació interdisciplinària per conèixer com haurien pogut ser. En aquest treball presento un estat de la qüestió que recull allò que he pogut aprendre a partir dels diferents estudis realitzats al respecte. En primer lloc, exposo la problemàtica de la interpretació organològica i els diversos postulats existents. A continuació, ofereixo un resum dels aspectes de la física que m’han semblat més rellevants en relació amb les cordes del violí. Finalment, descric la informació recollida dels investigadors sobre els tipus de cordes, els processos de fabricació, els gruixos, les tensions, etc. Malgrat tot el que he après, concloc constatant la impossibilitat de saber amb certesa com eren realment les cordes del passat. Tanmateix, l’intent d’apropar-nos a aquest coneixement utòpic és, alhora, un requisit i una mostra de compromís com a intèrprets de la música històrica.</subfield>
   </datafield>
   <datafield ind2=" " ind1=" " tag="520">
      <subfield code="a">Las cuerdas son un elemento clave para la práctica histórica del violín. Sin embargo, no ha sobrevivido ninguna hasta nuestros días, por lo que resulta necesaria una investigación interdisciplinar para conocer cómo pudieron haber sido. En este trabajo presento un estado de la cuestión que recoge todo lo que he podido aprender a partir de los diferentes estudios realizados al respecto. En primer lugar, expongo la problemática de la interpretación organológica y sus distintos postulados. A continuación, ofrezco un resumen de aquellos aspectos de la física que he considerado relevantes en relación con las cuerdas del violín. Finalmente, describo la información reunida sobre los tipos de cuerdas, sus procesos de fabricación, calibres, tensiones, etc.&#xd;
Pese a todo lo aprendido, concluyo constatando la imposibilidad de conocer con certeza cómo fueron las cuerdas del pasado. No obstante, el intento de aproximarnos a este conocimiento utópico constituye a la vez un requisito y una muestra de compromiso como intérpretes de la música histórica.</subfield>
   </datafield>
   <datafield ind2=" " ind1=" " tag="520">
      <subfield code="a">Strings are a fundamental element in historical violin performance. However, none have survived to the present day, making interdisciplinary research necessary to understand how they might have been. In this work, I present a state of the question that summarizes what I have learned from the various studies conducted on the topic. First, I outline the challenges of organological interpretation and its different theoretical positions. Next, I summarize the physical aspects that I have considered relevant in relation to violin strings. Finally, I describe the information available regarding different types of strings, their manufacturing processes, gauges, tensions, and so on. Despite all that has been learned, I conclude that it is ultimately impossible to know with certainty how early strings were. Nevertheless, attempting to approach this utopian knowledge constitutes both a requisite and a demonstration of commitment for historically informed performers.</subfield>
   </datafield>
   <datafield ind1="8" ind2=" " tag="024">
      <subfield code="a">http://hdl.handle.net/20.500.12694/7205</subfield>
   </datafield>
   <datafield tag="653" ind2=" " ind1=" ">
      <subfield code="a">TFG Música antiga</subfield>
   </datafield>
   <datafield tag="653" ind2=" " ind1=" ">
      <subfield code="a">Violí--Construcció</subfield>
   </datafield>
   <datafield tag="653" ind2=" " ind1=" ">
      <subfield code="a">Cordes--Fabricació</subfield>
   </datafield>
   <datafield tag="653" ind2=" " ind1=" ">
      <subfield code="a">Violí--Història</subfield>
   </datafield>
   <datafield tag="653" ind2=" " ind1=" ">
      <subfield code="a">Violí, Música per a--Interpretació (Fraseig, dinàmica, etc.)</subfield>
   </datafield>
   <datafield tag="653" ind2=" " ind1=" ">
      <subfield code="a">Instruments de corda fregada</subfield>
   </datafield>
   <datafield tag="653" ind2=" " ind1=" ">
      <subfield code="a">Pràctica de l'execució (Música)--S. XVII</subfield>
   </datafield>
   <datafield tag="653" ind2=" " ind1=" ">
      <subfield code="a">Pràctica de l'execució (Música)--S. XVIII</subfield>
   </datafield>
   <datafield ind2="0" ind1="0" tag="245">
      <subfield code="a">Las cuerdas del violín barroco</subfield>
   </datafield>
</record></metadata></record></GetRecord></OAI-PMH>